Hieronymus Bosch (Record no. 5426)

MARC details
000 -CABECERA
campo de control de longitud fija 00620nam a2200217 a 4500
001 - NÚMERO DE CONTROL
campo de control BRCA_5736
005 - FECHA Y HORA DE LA ÚLTIMA TRANSACCIÓN
campo de control 20190320205210.0
008 - DATOS DE LONGITUD FIJA--INFORMACIÓN GENERAL
campo de control de longitud fija 040311s1943----au-a######---#000-0#ger-#
041 ## - CÓDIGO DE LENGUA
Código de lengua del texto/banda sonora o título independiente ger
044 ## - CÓDIGO DEL PAÍS DE LA ENTIDAD EDITORA/PRODUCTORA
Código MARC del país au
050 #4 - SIGNATURA TOPOGRÁFICA DE LA BIBLIOTECA DEL CONGRESO
Número de clasificación ND653.B65
Número de documento/Ítem B33 1943
100 1# - ENTRADA PRINCIPAL--NOMBRE DE PERSONA
Nombre de persona Baldass, Ludwig von
9 (RLIN) 13881
245 10 - MENCIÓN DE TÍTULO
Título Hieronymus Bosch
Mención de responsabilidad, etc. von Ludwing von Baldass
260 ## - PUBLICACIÓN, DISTRIBUCIÓN, ETC.
Lugar de publicación, distribución, etc. Viena, Austria
Nombre del editor, distribuidor, etc. Anton Schroll
Fecha de publicación, distribución, etc. 1943c
300 ## - DESCRIPCIÓN FÍSICA
Extensión 260 p.
Otras características físicas il. (algunas a color), 156 láminas
Dimensiones 36 cm
500 ## - NOTA GENERAL
Nota general E165
600 14 - PUNTO DE ACCESO ADICIONAL DE MATERIA--NOMBRE DE PERSONA
Nombre de persona Bosch, Hieronymus
Subdivisión cronológica m. 1516
9 (RLIN) 14554
650 14 - PUNTO DE ACCESO ADICIONAL DE MATERIA--TÉRMINO DE MATERIA
Término de materia o nombre geográfico como elemento de entrada Pintores holandeses
Subdivisión cronológica Siglo XV
9 (RLIN) 11714
902 ## - CATALOGADOR
Iniciales GFM
942 ## - ELEMENTOS DE PUNTO DE ACCESO ADICIONAL (KOHA)
Fuente del sistema de clasificación o colocación Library of Congress Classification
Tipo de ítem Koha Libros
Holdings
Estado de retiro Estado de pérdida Estado dañado No para préstamo Localización permanente Ubicación/localización actual Fecha de adquisición Número de inventario Total de préstamos Signatura topográfica completa Código de barras Fecha visto por última vez Precio válido a partir de Tipo de ítem Koha
El ejemplar forma parte de la colección y puede ser consultado según las políticas vigentes.       Biblioteca del Museo Franz Mayer (Rogerio Casas-Alatriste) Biblioteca del Museo Franz Mayer (Rogerio Casas-Alatriste) 04/03/2011 E165   ND653.B65 B33 1943 (E165) 6172 22/03/2019 22/03/2019 Libros